Panstwowa regulacja integracji przedsiebiorstw w polskiej gospodarce Evolucja-ocena-kierunki

Guardado en:
Detalles Bibliográficos
Autor principal: Jagoda, Henryk
Formato: Libro
Lenguaje:polaco
Publicado: Wroclaw Akademia Ekon. im. Oskara Langego 1990
Colección:Prace naukowe
Etiquetas: Agregar Etiqueta
Sin Etiquetas, Sea el primero en etiquetar este registro!

MARC

LEADER 00000nam a2200000 4500
001 c022180
005 20240419072802.6
041 0 |a pol 
044 |a PL 
245 1 0 |a Panstwowa regulacja integracji przedsiebiorstw w polskiej gospodarce  |b Evolucja-ocena-kierunki  |c Henryk Jagoda 
264 1 |a Wroclaw  |b Akademia Ekon. im. Oskara Langego  |c 1990 
300 |a 122 s. 
490 1 |a Prace naukowe 
830 0 |a Prace naukowe 
100 1 |a Jagoda, Henryk